000 00568nam a22001577a 4500
999 _c130030
_d130030
008 191114b ||||| |||| 00| 0 eng d
050 _aHD2131.Z955
_bH452
100 _aHedenquist, Jan-Anders
_948665
245 _aPopular participation in rural development
_bthe masase project in Zimbabwe
_cJan-Anders Hedenquist
260 _aStockholm
_bUniversity of Stockholm
_c1989
300 _aii, 74p. ;
_c30cm.
440 _aWorking paper
_n5
_948666
650 _aRural development
_zZimbabwe
_947393
650 _aMasase project (Zimbabwe)
_948667
942 _2lcc
_cMONOGRAPH